| 000 | 00735cam a2200265 4500 | ||
|---|---|---|---|
| 001 | J1993 | ||
| 008 | 090401t1993 xxu||||| |||| 00| 0 eng d | ||
| 035 | _a(Sirsi) u46662 | ||
| 041 | _aeng | ||
| 050 | _a336.21 | ||
| 110 |
_aValuation Office _9264 |
||
| 245 | _aHarmonisation: revaluation 1995: working groups and allocation of responsibilities. | ||
| 260 | _c1993 | ||
| 300 | _a21 leaves ; 30cm. | ||
| 350 | _a0 | ||
| 520 | _aPhotocopy. Lists types of properties and the valuation office staff who deal with them. | ||
| 650 | _aDIRECTORIES | ||
| 650 | _aINLAND REVENUE | ||
| 650 | _aRATING | ||
| 650 |
_aValuation _96273 |
||
| 650 | _aVALUERS | ||
| 690 | _aRATING AND VALUATION | ||
| 942 | _n0 | ||
| 948 | _c04/03/1997 | ||
| 999 |
_c91969 _d91969 |
||